| 000 | 00773cam a22002414a 4500 | ||
|---|---|---|---|
| 001 | 11976178 | ||
| 005 | 20180212032414.0 | ||
| 008 | 000414s2001 ilu 000 0aeng | ||
| 010 | _a 00031410 | ||
| 020 | _a0809299526 | ||
| 040 |
_aDLC _cDLC _dDLC |
||
| 041 | _aeng | ||
| 042 | _apcc | ||
| 043 | _an-us--- | ||
| 080 | _a796.962092273 DAN | ||
| 082 | 0 | 0 |
_a796.962092273 DAN _aB _221 |
| 100 | 1 | _a47 | |
| 101 | _aEDU | ||
| 245 | 1 | 0 |
_aSo you want to play in the NHL : _cDan & Jay Bylsma. |
| 906 |
_a7 _bcbc _corignew _d1 _eocip _f20 _gy-gencatlg |
||
| 942 |
_2ddc _cBK |
||
| 999 |
_c42281 _d42281 |
||